000 00466nam a22001455i 4500
001 170117
003 ES-MaACL
005 20230906214306.0
008 090202s1874 sp |||| | spa d
110 2 _aCírculo Industrial Minero (Madrid)
_9139332
245 1 0 _aReglamento para el régimen y gobierno del Círculo Industrial Minero.
260 _aMadrid :
_b[s.n.],
_c1874 (
_fImpr. de J. M. Lapuente)
300 _a11 p. ;
_c21 cm.
852 _aES-MaACL
_jT-171-F-13
999 _c170117
_d170117